| 000 | 00723nam a2200217 i 4500 | ||
|---|---|---|---|
| 001 | 90518 | ||
| 003 | ES-MaACL | ||
| 005 | 20230906180450.0 | ||
| 007 | t| | ||
| 008 | 050121s1968 sp ||||1| spa d | ||
| 100 | 1 |
_aLecaillon, Jacques. _971043 |
|
| 245 | 1 | 3 |
_aLa política de rentas / _cJacques Lecaillon, Bow Rowthorne y F.W. Paish ; presentación de Joaquim de Nadal ; [versión... Angeles Pascual]. |
| 250 | _a[1ª ed.]. | ||
| 260 |
_aBarcelona : _bNova Terra, _c1968. |
||
| 300 |
_a240 p. ; _c17 cm. |
||
| 700 | 1 |
_aRowthorne, Bow. _9100191 |
|
| 700 | 1 |
_aPaish, F. W. _988340 |
|
| 700 | 1 |
_aNadal, Joaquín María de. _984796 |
|
| 700 | 1 |
_aPascual de Sans, Àngels. _9166132 |
|
| 852 |
_aES-MaACL _jC-21228 _bR.67014 |
||
| 999 |
_c90518 _d90518 |
||